000 00738nam a2200229Ii 4500
003 JO-AjNU
008 230605s9999||||xx |||||||||||||| ||und||
017 _a1999/10678
020 _a977-01-6362-7
040 _aJO-AjNU
_bara
_erda
_cJO-AjNU
041 _aara
050 1 4 _aTD174 1999
100 3 _aعبدالله، علي محمد علي ,
_eauthor
_913956
245 0 0 _aالتلوث البيئي والهندسة الوراثية
264 3 1 _aالقاهرة:الهيئة المصرية العامة، 1999
300 _a157ص
336 _atext
_btxt
_2rdacontent
337 _aunmediated
_bn
_2rdamedia
338 _avolume
_bnc
_2rdacarrier
490 0 _aسلسلة البئية
650 4 _aالتلوث البيئي
_913957
999 _aA3607
_c7175
_d7175